| 000 | 00471nam a22001697a 4500 | ||
|---|---|---|---|
| 005 | 20251108164202.0 | ||
| 008 | 250721s1997 xx 000 0 ara d | ||
| 082 | 1 | 4 | _a301,4120956/صاي |
| 100 | 1 | _aأبو صايمة، عايدة عبد الله | |
| 245 | 1 | 0 | _aالمرأة في الوطن العربي / |
| 264 | 1 |
_aعمان : _c1997. |
|
| 300 | _a240ص | ||
| 650 | 1 | 7 | _aالمرأة |
| 650 | 1 | 7 | _aالبلدان العربية |
| 942 |
_2ddc _cBK |
||
| 999 |
_c5789 _d5789 |
||